000 nam a22 a 4500
999 _c1187
_d1187
003 AKMAL
005 20170508150643.0
008 170508t1999 my e 000 0 may d
020 _a9839017500 (kkt.) :
_cRM12.00
039 9 _a201106151157
_bmanoriah
040 _aAKMAL
_cAKMAL
049 0 0 _abgkklpmal
082 0 4 _a297.36 LAT
_222
090 0 0 _a297.36
_bLAT
090 2 0 _a297.36
_bLAT
245 0 0 _aKelebihan bulan dan hari :
_bserta amalan wirid dan doa /
_c[susunan] Abul Khairy Al-Latifi
260 _aKuala Lumpur :
_bDarul Nu'man,
_c1999
300 _aii, 300ms. ;
_c21cm.
500 _aMengandungi ayat-ayat dari Al-Quran
504 _aBibliografi: ms. 300
650 1 0 _aCalendar, Islamic
_9153
650 2 0 _aTime
_xReligious aspects
_xIslam
_92398
650 2 0 _aIslam
_xCustoms and practices
_91330
700 0 _aAbul Khairi Al-Latifi
_92108
942 _2ddc
_cBOOK